| 000 | 00619nam a22001937a 4500 | ||
|---|---|---|---|
| 005 | 20151204143337.0 | ||
| 008 | 151119b xxu||||| |||| 00| 0 eng d | ||
| 020 | _a9782080703538 | ||
| 050 |
_aJK216. _bT65 |
||
| 100 |
_aTocqueville, Alexis de. _99356 |
||
| 245 |
_aDe la democratie en Amerique _cby Tocqueville, Alexis de. |
||
| 260 |
_aParis _bGarnier-Flammarion _c1981 |
||
| 300 |
_a2v, 569p.; _c18cm. |
||
| 440 |
_aGF-Flammarion _vno. 353, 354 _921134 |
||
| 650 |
_aDemocracy _921135 |
||
| 651 |
_aUnited States _xPolitics _921136 |
||
| 651 |
_aUnited States _xSocial conditions _913124 |
||
| 942 |
_2lcc _cMONOGRAPH |
||
| 999 |
_c123804 _d123804 |
||